APC 2006 (Record no. 106119)
[ view plain ]
| 000 -LEADER | |
|---|---|
| fixed length control field | 01162cam a2200277 4500 |
| 001 - CONTROL NUMBER | |
| control field | L135627 |
| 008 - FIXED-LENGTH DATA ELEMENTS--GENERAL INFORMATION | |
| fixed length control field | 061120n2006 000 0 eng u |
| 020 ## - INTERNATIONAL STANDARD BOOK NUMBER | |
| International Standard Book Number | 1842193104 |
| -- | 9781842193105 |
| 035 ## - SYSTEM CONTROL NUMBER | |
| System control number | (Sirsi) u135627 |
| 041 0# - LANGUAGE CODE | |
| Language code of text/sound track or separate title | ENG |
| 050 ## - LIBRARY OF CONGRESS CALL NUMBER | |
| Classification number | 333.3307 $2 18 |
| 100 1# - MAIN ENTRY--PERSONAL NAME | |
| Personal name | Wilkinson, John |
| 245 00 - TITLE STATEMENT | |
| Title | APC 2006 |
| Remainder of title | your practical guide to success |
| 250 ## - EDITION STATEMENT | |
| Edition statement | 3rd ed. |
| 260 ## - PUBLICATION, DISTRIBUTION, ETC. | |
| Place of publication, distribution, etc. | Coventry |
| Name of publisher, distributor, etc. | RICS Books |
| Date of publication, distribution, etc. | 2006 |
| 300 ## - PHYSICAL DESCRIPTION | |
| Extent | xii, 121p. |
| Dimensions | 21cm. |
| 350 ## - PRICE (NR) (BK AM CF MU VM SE) [OBSOLETE] | |
| Price | 22.50 |
| 505 0# - FORMATTED CONTENTS NOTE | |
| Formatted contents note | APC overview -- The training period -- Information management -- Preparation for the final assessment -- The interview and presentation -- Appraisal, referral and the appeal system |
| 520 ## - SUMMARY, ETC. | |
| Summary, etc. | A guide to the RICS Assessment of Professional Competence covers the whole scheme from enrolment right through to the final interview. Provides a discussion of mandatory competencies and incorporates all the 2006 changes. |
| 520 ## - SUMMARY, ETC. | |
| Summary, etc. | Superseded by fourth edition (ISBN 9781842194904). |
| 590 ## - LOCAL NOTE (RLIN) | |
| Local note | KA |
| 651 #4 - SUBJECT ADDED ENTRY--GEOGRAPHIC NAME | |
| Geographic name | International |
| 690 ## - LOCAL SUBJECT ADDED ENTRY--TOPICAL TERM (OCLC, RLIN) | |
| Topical term or geographic name as entry element | CAREERS, EDUCATION AND TRAINING-QUALIFICATION ROUTES-ASSESSMENT OF PROFESSIONAL COMPETENCE |
| 942 ## - ADDED ENTRY ELEMENTS (KOHA) | |
| Suppress in OPAC | 0 |
| Withdrawn status | Lost status | Source of classification or shelving scheme | Damaged status | Not for loan | Home library | Current library | Shelving location | Date acquired | Total Checkouts | Full call number | Barcode | Date last seen | Date last checked out | Copy number | Price effective from | Koha item type |
|---|---|---|---|---|---|---|---|---|---|---|---|---|---|---|---|---|
| Dewey Decimal Classification | London | London | RICS Boxes | 10/01/2007 | 5 | RICS 2006/46 | 30073521 | 06/08/2019 | 28/01/2008 | 1 | 06/08/2019 | Archive | ||||
| Dewey Decimal Classification | London | London | RICS Boxes | 01/05/2014 | RICS 2006/46 | 30073706 | 06/08/2019 | 2 | 06/08/2019 | Book |